[Event "Sitges op 48th"]
[Site "Sitges"]
[Date "2024.07.28"]
[Round "7"]
[White "Luque Castells, Jordi"]
[Black "Gradolph Cadierno, Jose Fabian"]
[Result "0-1"]
[WhiteElo "1952"]
[BlackElo "1951"]
[PlyCount "54"]
[EventDate "2024.07.22"]
[EventType "swiss"]
[EventRounds "9"]
[EventCountry "ESP"]
[SourceTitle "CBM 221 Extra"]
[Source "ChessBase"]
[SourceDate "2024.09.30"]
[SourceVersion "1"]
[SourceVersionDate "2024.09.30"]
[SourceQuality "1"]

1. e4 c5 2. b3 Nc6 3. Bb2 e6 4. f4 d5 5. e5 Nge7 6. Nc3 Nf5 7. Nf3 Be7 8. Bd3 Ncd4 9. Bxf5 Nxf5 10. Qe2 a6 11. 0-0-0 b5 12. g4 Nd4 13. Nxd4 cxd4 14. Nb1 Qb6 15. Qd3 Bc5 16. f5 a5 17. c3 b4 18. f6 gxf6 19. exf6 Ba6 20. Qf3 dxc3 21. dxc3 Be3+ 22. Kc2 Rc8 23. Rhe1 d4 24. Bc1 d3+ 25. Kb2 bxc3+ 26. Nxc3 Bxc1+ 27. Rxc1 d2 0-1

[Event "Sitges op 48th"]
[Site "Sitges"]
[Date "2024.07.24"]
[Round "3"]
[White "Nagare, Kaivalya Sandip"]
[Black "Luque Castells, Jordi"]
[Result "1-0"]
[WhiteElo "2109"]
[BlackElo "1952"]
[PlyCount "45"]
[EventDate "2024.07.22"]
[EventType "swiss"]
[EventRounds "9"]
[EventCountry "ESP"]
[SourceTitle "CBM 221 Extra"]
[Source "ChessBase"]
[SourceDate "2024.09.30"]
[SourceVersion "1"]
[SourceVersionDate "2024.09.30"]
[SourceQuality "1"]

1. e4 c6 2. d4 d5 3. e5 Bf5 4. h4 h5 5. c4 e6 6. Nc3 Nd7 7. cxd5 cxd5 8. Bd3 Bxd3 9. Qxd3 Ne7 10. Nf3 Nf5 11. Nxd5 Nxh4 12. Nxh4 exd5 13. e6 Qe7 14. 0-0 Qxh4 15. exd7+ Kd8 16. Qf5 Qe7 17. Bg5 f6 18. Rfe1 Qxd7 19. Bxf6+ gxf6 20. Qxf6+ Kc7 21. Rac1+ Kb8 22. Re8+ Qxe8 23. Qf4+ 1-0

[Event "Martorell op 35th"]
[Site "Martorell"]
[Date "2017.10.28"]
[Round "6"]
[White "Torrents Busquet, Marti"]
[Black "Luque Castells, Jordi"]
[Result "1/2-1/2"]
[WhiteElo "1851"]
[BlackElo "2042"]
[PlyCount "122"]
[EventDate "2017.09.16"]
[EventType "swiss"]
[EventRounds "9"]
[EventCountry "ESP"]
[SourceTitle "CBM 189 Extra"]
[Source "ChessBase"]
[SourceDate "2019.05.31"]
[SourceVersion "1"]
[SourceVersionDate "2019.05.31"]
[SourceQuality "1"]

1. e4 e6 2. d4 d5 3. Nc3 dxe4 4. Nxe4 Nf6 5. Bg5 Be7 6. Bxf6 Bxf6 7. Nf3 Be7 8. c3 Nd7 9. Bd3 Nf6 10. 0-0 Qd5 11. Qc2 Nxe4 12. Bxe4 Qh5 13. Ne5 f6 14. Qa4+ Kf8 15. Bf3 Qe8 16. Qxe8+ Kxe8 17. Nc4 a5 18. Rfe1 Ra7 19. Bg4 Kf7 20. f4 Bd6 21. g3 b5 22. Nxd6+ cxd6 23. Rad1 d5 24. Re3 Re7 25. Rde1 Rhe8 26. Bf3 Bb7 27. g4 h6 28. h4 Rg8 29. f5 e5 30. dxe5 fxe5 31. Rxe5 Rge8 32. Rxe7+ Rxe7 33. Kf2 Rxe1 34. Kxe1 Kf6 35. b3 h5 36. gxh5 Kxf5 37. c4 Kf4 38. Kf2 bxc4 39. bxc4 Ke5 40. Bxd5 Bxd5 41. cxd5 Kxd5 42. Kf3 Ke5 43. Kg4 Kf6 44. Kf4 a4 45. a3 Kf7 46. Ke5 Kg8 47. Kf5 Kh7 48. Kg5 Kg8 49. Kg6 Kh8 50. h6 Kg8 51. Kf5 gxh6 52. Kg6 h5 53. Kxh5 Kg7 54. Kg5 Kh7 55. Kf6 Kh6 56. Ke5 Kh5 57. Kd5 Kxh4 58. Kc5 Kg5 59. Kb5 Kf6 60. Kxa4 Ke7 61. Kb5 Kd8 1/2-1/2

[Event "Vilafranca del Penedes op 4th"]
[Site "Vilafranca del Penedes"]
[Date "2010.05.07"]
[Round "4.1"]
[White "Luque Castells, Jordi"]
[Black "Rojas Keim, Luis Alberto"]
[Result "0-1"]
[WhiteElo "2050"]
[BlackElo "2421"]
[PlyCount "84"]
[EventDate "2010.04.16"]
[EventType "swiss"]
[EventRounds "8"]
[EventCountry "ESP"]
[SourceTitle "EXT 2024"]
[Source "ChessBase"]
[SourceDate "2023.10.10"]
[SourceVersion "1"]
[SourceVersionDate "2023.10.10"]
[SourceQuality "1"]

1. Nf3 Nf6 2. g3 b5 3. Bg2 Bb7 4. d3 d5 5. Bg5 e6 6. Nbd2 Be7 7. c3 0-0 8. Nb3 a5 9. Bxf6 Bxf6 10. Nc5 Bc8 11. d4 Na6 12. Nxa6 Bxa6 13. b4 axb4 14. cxb4 Qd6 15. Qb3 Bb7 16. 0-0 Ra4 17. a3 Qa6 18. Rfc1 c6 19. Ne5 Ra8 20. Rc3 Bxe5 21. dxe5 Qb6 22. e3 Qc7 23. f4 Qe7 24. Rcc1 f6 25. Qc3 fxe5 26. Qxe5 Qf6 27. Qc7 R4a7 28. Bh3 d4 29. Qb6 d3 30. Ra2 e5 31. Bg2 Qe6 32. Raa1 exf4 33. gxf4 d2 34. Rc3 Qf6 35. Qc5 Rxa3 36. Rcxa3 Qxa1+ 37. Rxa1 Rxa1+ 38. Kf2 d1Q 39. Qe7 Ra2+ 40. Kg3 Qe1+ 41. Kf3 Qf2+ 42. Ke4 Qxg2+ 0-1

[Event "Sitges op 29th"]
[Site "Sitges"]
[Date "2003.07.19"]
[Round "2"]
[White "Luque Castells, Jordi"]
[Black "Jankovic, Alojzije"]
[Result "0-1"]
[WhiteElo "2115"]
[BlackElo "2373"]
[PlyCount "58"]
[EventDate "2003.07.18"]
[EventType "swiss"]
[EventRounds "9"]
[EventCountry "ESP"]
[SourceTitle "CBM 095 Extra"]
[Source "ChessBase"]
[SourceDate "2003.09.04"]
[SourceVersion "1"]
[SourceVersionDate "2003.09.04"]
[SourceQuality "1"]

1. e4 c5 2. Nf3 Nc6 3. d4 cxd4 4. Nxd4 Nf6 5. f3 Qb6 6. Nb3 e6 7. N1d2 d5 8. Bd3 Bd6 9. c3 0-0 10. Qe2 Bd7 11. Qf2 Qc7 12. g3 Ne5 13. Bc2 dxe4 14. Nxe4 Nxe4 15. Bxe4 f5 16. Bc2 Bc6 17. Nd4 Bc5 18. Bf4 Bxd4 19. cxd4 Nxf3+ 20. Qxf3 Bxf3 21. Bxc7 Bxh1 22. Ba4 Rac8 23. Be5 Bc6 24. Bb3 Bd5 25. Ba4 a6 26. Bd6 Rf6 27. a3 Rc4 28. Bd7 Rxd4 29. Rc1 Rc4 0-1